Corporate tax planning and management (Record no. 224652)

MARC details
000 -LEADER
fixed length control field 01704nam a22002297a 4500
005 - DATE AND TIME OF LATEST TRANSACTION
control field 20220926140919.0
008 - FIXED-LENGTH DATA ELEMENTS--GENERAL INFORMATION
fixed length control field 220923b ||||| |||| 00| 0 eng d
020 ## - INTERNATIONAL STANDARD BOOK NUMBER
International Standard Book Number 9789351730781
040 ## - CATALOGING SOURCE
Transcribing agency AL
041 ## - LANGUAGE CODE
Language code of text/sound track or separate title eng
082 ## - DEWEY DECIMAL CLASSIFICATION NUMBER
Edition number 23
Classification number 336.243
Item number MEHC
100 ## - MAIN ENTRY--PERSONAL NAME
Personal name Mehrotra H C
9 (RLIN) 58371
245 ## - TITLE STATEMENT
Title Corporate tax planning and management
250 ## - EDITION STATEMENT
Edition statement 20th ed.
260 ## - PUBLICATION, DISTRIBUTION, ETC.
Place of publication, distribution, etc. Agra
Name of publisher, distributor, etc. Sahitya Bhawan Publications
Date of publication, distribution, etc. 2022
300 ## - PHYSICAL DESCRIPTION
Extent ii,362p.
Other physical details PB
Dimensions 24x18cm.
365 ## - TRADE PRICE
Source of price type code General
Price type code 4394
Price amount ₹280.00
Currency code
Unit of pricing ₹350.00
Price note 20%
Price effective from 21-09-2022
520 ## - SUMMARY, ETC.
Summary, etc. Legal position as amended up to June 2022 is given.Even the last minute changes in the law have been incorporated in this revised edition of the book and as such it is the latest and most update book on Income Tax for the Assessment Year 2022-23. Further, the amendments made by the Finance Act, 2022, applicable for the Assessment Years 2022-23 and 2023-24, have been incorporated in the book. In the chapter of Deduction and Collection of Tax at Source newly inserted sections 194R and 194S of the Income Tax Act, applicable from 01.07.2022 have been included.User-friendly examination-oriented style facilitating easy comprehension of each topic.Solved Illustrations and Questions for exercise are largest in number in comparison to other books on income tax.<br/>A simplified, systematic approach to the understanding of a complex subject written in a unique, simple and easy to understand language.Each topic, after a theoretical exposition is followed by illustrations to facilitate the students to master the practical application of Corporate Tax Law.
650 ## - SUBJECT ADDED ENTRY--TOPICAL TERM
Source of heading or term Taxation
Topical term or geographic name entry element Corporate Tax
9 (RLIN) 58372
700 ## - ADDED ENTRY--PERSONAL NAME
Personal name Goyal, S P
9 (RLIN) 58373
942 ## - ADDED ENTRY ELEMENTS (KOHA)
Source of classification or shelving scheme Dewey Decimal Classification
Koha item type Book
Holdings
Withdrawn status Lost status Source of classification or shelving scheme Damaged status Not for loan Collection code Home library Current library Date acquired Source of acquisition Cost, normal purchase price Total Checkouts Full call number Barcode Date last seen Date last checked out Cost, replacement price Price effective from Koha item type
    Dewey Decimal Classification     M Com St Aloysius PG Library St Aloysius PG Library 09/23/2022 Biblios Book Point 280.00 3 336.243 MEHC PG024014 12/04/2023 11/15/2023 350.00 09/23/2022 Book
    Dewey Decimal Classification     M Com St Aloysius PG Library St Aloysius PG Library 09/23/2022 Biblios Book Point 280.00 6 336.243 MEHC PG024015 11/13/2024 11/11/2024 350.00 09/23/2022 Book